Statistics for Top 100 Biggest Cities in Indiana

Click here to take the quiz!

General Stats

  • This quiz has been taken 254 times
    (106 since last reset)
  • The average score is 40 of 100

Answer Stats

# City Population % Correct
1Indianapolis855,164
100%
2Fort Wayne264,488
98%
9Gary76,424
95%
3Evansville119,477
93%
7Bloomington84,465
90%
4South Bend101,735
90%
10Lafayette71,782
88%
14Kokomo57,799
83%
12Terre Haute60,852
81%
11Muncie69,010
81%
5Carmel91,065
81%
6Fishers90,127
79%
16Anderson55,130
74%
17Elkhart52,221
74%
13Noblesville60,183
74%
22West Lafayette45,872
69%
8Hammond77,134
67%
33East Chicago28,418
64%
21Columbus46,850
64%
29Michigan City31,157
62%
24New Albany36,670
62%
20Jeffersonville47,124
60%
15Greenwood56,545
60%
18Mishawaka48,679
60%
32Marion28,592
57%
61Wabash10,253
55%
26Richmond35,664
55%
40Vincennes17,924
52%
36La Porte21,732
50%
27Valparaiso33,104
50%
28Goshen33,034
50%
19Lawrence47,866
48%
58Martinsville11,669
48%
68Angola8,591
45%
31Crown Point29,176
45%
35Franklin24,867
43%
54Washington12,089
43%
38Seymour19,384
43%
37Greenfield21,709
43%
51Bedford13,341
40%
45Crawfordsville16,001
40%
43Huntington17,176
40%
25Portage36,505
40%
59Peru11,061
40%
41Logansport17,780
40%
42New Castle17,426
40%
50Warsaw14,662
38%
23Westfield37,221
38%
39Shelbyville19,048
38%
44Lebanon16,098
36%
47Jasper15,503
36%
57Greensburg11,859
33%
71Brazil8,110
33%
55Madison11,985
33%
100Whiting4,891
33%
46Frankfort15,951
31%
60Greencastle10,508
31%
53Connersville12,949
31%
86Gas City6,093
31%
98Lawrenceburg5,031
31%
72Tell City7,323
29%
85Rochester6,105
29%
34Hobart28,248
29%
63Plymouth9,949
29%
52Auburn13,052
29%
99Tipton4,992
26%
81Rushville6,204
26%
83Salem6,176
24%
74North Vernon6,859
24%
67Princeton8,632
24%
56Lake Station11,952
24%
76Scottsburg6,684
21%
65Decatur9,524
21%
84Portland6,161
21%
95Linton5,343
21%
49Beech Grove14,740
21%
78Mount Vernon6,507
19%
64Kendallville9,906
19%
48New Haven15,384
19%
87Hartford City6,086
17%
90Rensselaer5,885
17%
97Alexandria5,089
17%
94Monticello5,362
17%
62Bluffton9,997
17%
66Columbia City8,861
14%
82Boonville6,187
14%
88Huntingburg6,073
14%
77Batesville6,679
14%
69Elwood8,416
14%
30Granger30,465
14%
79Garrett6,360
12%
75Nappanee6,780
12%
70Charlestown8,152
12%
89Notre Dame5,973
5%
96South Haven5,282
2%
80Dunlap6,235
0%
73Lakes of the Four Seasons7,033
0%
92Hidden Valley5,387
0%
93Oak Park5,379
0%
91Bright5,693
0%

Score Distribution

Percentile by Number Answered

Percent of People with Each Score

Your Score History

You have not taken this quiz since the last reset